02078njm a2200325Ia 450000100060000000300090000600500170001500800410003204000130007304000130008604100130009910000110011210000180012310000380014124500410017925000110022026000110023126000400024230000100028250000490029250504820034151100450082365000500086870001250091870002420104370001280128570001270141370001090154070001030164923803IT-RoPAU20220918181201.0131025s9999 xx 000 0 und d aIT-RoPAU cIT-RoPAU aITALIANO aAA.VV. eAutore musica gCodice autore musica SPICS: 12000 aOperette allo specchio (Lp Vpas 929) a1a ed. aMILANO bVEDETTE RECORDSc1974 [1a Ed.:1974] aDISCO aMusica operistica. Musica classica. Operette aAl cavallino bianco: occhioni blu (Stolz) - La Vedova allegra: romanza di Vilja (Lehar) - La Principessa della Czarda: spesso il cuore s'innamora - Salomè: abat-jour (Stolz) - Il Paese dei campanelli: i fox della luna - Vittoria e il suo ussaro: pardon, madame - La Danza delle libellule: il dox delle gigolettes - Paganini: se la bocca vuol baciare (Lehar) - Cin-cillà (Ranzato) - L'acqua cheta: ti dirò parole (Pietri) - Il Paese del sorriso: Tu che m'hai preso il cuor aDirettore d'orchestra: Anselmo Francesco aOPERETTE [DISCHI]eCodice MATERIA SPICS: 9950 aStolz RobertdCodice autore musica SPICS: 13453eAutore musicapAl cavallino bianco: occhioni blu - Salomè': abat-jour aLehar FranzdCodice autore musica SPICS: 1257eAutore musicapLa Vedova allegra: romanza di Vilja - La Danza delle libellule: il dox delle gigolettes - Paganini: se la bocca vuol baciare - Il Paese del sorriso: Tu che m'hai preso il cuor aKahlman EmmerichdCodice autore musica SPICS: 13820eAutore musicapLa Principessa della Czarda: spesso il cuore s'innamora aRanzato VirgiliodCodice autore musica SPICS: 1148eAutore musicapIl Paese dei campanelli: i fox della luna - Cin-cillà aAbraham PauldCodice autore musica SPICS: 13821eAutore musicapVittoria e il suo ussaro: pardon, madame aPietri GiuseppedCodice autore musica SPICS: 1135eAutore musicapL'acqua cheta: ti dirò parole